Introducción a la pintura peruana del siglo XX / (Record no. 20046)

000 -CABECERA
fixed length control field 00683nam a22002057a 4500
003 - IDENTIFICADOR DEL NÚMERO DE CONTROL
control field AR-CdUCM
008 - DATOS DE LONGITUD FIJA--INFORMACIÓN GENERAL
fixed length control field 190524b ||||| |||| 00| 0 spa d
040 ## - FUENTE DE LA CATALOGACIÓN
Agencia/entidad que catalogó originalmente la obra MUNICIPALIDAD PROVINCIAL DEL CUSCO
Entidad que transcribió la catalogación BIBLIOTECA MUNICIPAL DEL CUSCO
082 ## - NÚMERO DE LA CLASIFICACIÓN DECIMAL DEWEY
No. de Clasificación 759.85/
Notacion interna L29
100 ## - ENTRADA PRINCIPAL--NOMBRE DE PERSONA
Nombre Personal Lauer, Mirko
245 ## - MENCIÓN DE TÍTULO
Título Introducción a la pintura peruana del siglo XX /
260 ## - PUBLICACIÓN, DISTRIBUCIÓN, ETC.
Lugar de publicación, distribución, etc. Lima
Nombre de la editorial, distribuidor, etc. Mosca azul editores
Fecha de publicación, distribución, etc. 1976
300 ## - DESCRIPCIÓN FÍSICA
Nº de Páginas Extensión 214 páginas ;
Dimensiones 21 cm.
505 ## - NOTA DE CONTENIDO CON FORMATO
Nota de contenido formateada Contenido: Las fronteras exteriores -- Las fronteras interiores -- Las ciudades...
650 ## - PUNTO DE ACCESO ADICIONAL DE MATERIA--TÉRMINO DE MATERIA
Descriptor Pintura peruana
9 (RLIN) 13847
650 ## - PUNTO DE ACCESO ADICIONAL DE MATERIA--TÉRMINO DE MATERIA
Descriptor Ismos
9 (RLIN) 41938
650 ## - PUNTO DE ACCESO ADICIONAL DE MATERIA--TÉRMINO DE MATERIA
Descriptor Perú
9 (RLIN) 35
942 ## - ELEMENTOS DE PUNTO DE ACCESO ADICIONAL (KOHA)
Fuente de clasificación
Tipo de item Libros-BMC
945 ## - PROCESAMIENTO DE INFORMACIÓN LOCAL (OCLC)
Catalogador Andy
AAAA-MM-DD - Fecha de ingreso o modificacion 2019-05-24
Holdings
Estado de retiro (separado) Fuente de clasificación o esquema de estanterías Estado dañado Ubicación Sala donde se ubica Nombre de la colección Fecha de adquisición o compra Costo, precio normal en soles Signatura topográfica Código de Barras Última vez visto (Koha) Tipo de ítem (Koha)
No     Sala Artes Sala Artes Book Cart 2019-05-24 20.00 759.85 / L29 SA0000000588 2019-05-24 Libros-BMC
No     Sala Artes Sala Artes Book Cart 2019-06-01 20.00 759.85 / L29 / e.2 SA0000000605 2019-06-01 Libros-BMC

Powered by Koha